Free Countries on the World Map - Statistics

General Stats
  • This quiz has been taken 104 times
  • The average score is 71 of 82
Answers on the Map
Answers color-coded by a green-red scale on the quiz's map according to % correct below.
 
Answer Stats
Answer % Correct
Canada
100%
Poland
100%
United States
100%
Argentina
99%
Chile
99%
Finland
99%
France
99%
Germany
99%
Ireland
99%
Italy
99%
Norway
99%
Portugal
99%
Spain
99%
United Kingdom
99%
Australia
97%
Austria
97%
Belgium
97%
Denmark
97%
Estonia
97%
Greece
97%
Iceland
97%
Japan
97%
Latvia
97%
Slovenia
97%
Sweden
97%
Switzerland
97%
Croatia
96%
Czech Republic
96%
Lithuania
96%
Netherlands
96%
South Africa
96%
Uruguay
96%
Brazil
94%
Slovakia
94%
Bahamas
93%
Luxembourg
93%
New Zealand
93%
Romania
93%
South Korea
93%
Bulgaria
91%
Andorra
89%
Malta
89%
Monaco
89%
Panama
89%
Costa Rica
87%
Israel
86%
San Marino
86%
Taiwan
86%
Barbados
84%
Dominica
84%
Suriname
84%
Cyprus
83%
Guyana
83%
Liechtenstein
83%
Antigua and Barbuda
81%
Trinidad and Tobago
81%
Vanuatu
81%
Kiribati
80%
Saint Kitts and Nevis
80%
Saint Vincent and the Grenadines
80%
Seychelles
80%
Jamaica
79%
Palau
79%
Saint Lucia
79%
Tonga
79%
Cape Verde
77%
Micronesia
77%
Samoa
77%
Solomon Islands
77%
Tuvalu
77%
Marshall Islands
76%
Namibia
76%
Belize
74%
Botswana
74%
Nauru
74%
Mauritius
73%
Grenada
71%
Mongolia
66%
Sao Tome and Principe
59%
Ghana
57%
Tunisia
53%
East Timor
40%
No matching quizzes found
Score Distribution
Percent of People with Each Score
Percentile by Number Answered
Your Score History
You have not taken this quiz